000 00430nam a2200181Ia 4500
005 20250603145706.0
008 250603s9999 xx 000 0 und d
020 _a9789785742183
050 _aP 90 .S3/
100 _aEdited by Lambert A. Ihebuzor
245 0 _aScholarship in communication studies
260 _aIbadan
260 _bCollege Press
260 _c2020
300 _a277 p
650 _aIbadan
942 _cBK
999 _c42573
_d42573